<?xml version="1.0" encoding="UTF-8"?><?xml-stylesheet type="text/xsl" href="static/style.xsl"?><OAI-PMH xmlns="http://www.openarchives.org/OAI/2.0/" xmlns:xsi="http://www.w3.org/2001/XMLSchema-instance" xsi:schemaLocation="http://www.openarchives.org/OAI/2.0/ http://www.openarchives.org/OAI/2.0/OAI-PMH.xsd"><responseDate>2026-04-13T02:23:20Z</responseDate><request verb="GetRecord" identifier="oai:www.recercat.cat:10256/25159" metadataPrefix="marc">https://recercat.cat/oai/request</request><GetRecord><record><header><identifier>oai:recercat.cat:10256/25159</identifier><datestamp>2024-10-29T17:07:31Z</datestamp><setSpec>com_2072_452966</setSpec><setSpec>com_2072_2054</setSpec><setSpec>col_2072_452968</setSpec></header><metadata><record xmlns="http://www.loc.gov/MARC21/slim" xmlns:dcterms="http://purl.org/dc/terms/" xmlns:xsi="http://www.w3.org/2001/XMLSchema-instance" xmlns:doc="http://www.lyncode.com/xoai" xsi:schemaLocation="http://www.loc.gov/MARC21/slim http://www.loc.gov/standards/marcxml/schema/MARC21slim.xsd">
   <leader>00925njm 22002777a 4500</leader>
   <datafield ind2=" " ind1=" " tag="042">
      <subfield code="a">dc</subfield>
   </datafield>
   <datafield ind2=" " ind1=" " tag="720">
      <subfield code="a">Gavín Jocyte, Vanessa</subfield>
      <subfield code="e">author</subfield>
   </datafield>
   <datafield ind2=" " ind1=" " tag="260">
      <subfield code="c">2024</subfield>
   </datafield>
   <datafield ind2=" " ind1=" " tag="520">
      <subfield code="a">Pelvic floor dysfunctions are a common health problem that affects many women, affecting up to 25% of them in the US (1). Although the relationship between menopause and these dysfunctions has been the subject of debate in the scientific literature, numerous studies have shown their association. What is undeniable is its negative impact on the quality of life of the affected women. Therefore, menopausal women with pelvic floor dysfunctions are especially vulnerable to experiencing a lower perception of their quality of life compared to the general population. This fact highlights the importance of researching and thoroughly understanding this phenomenon in order to offer better prevention and treatment strategies, as well as improve the quality of life of affected women.&#xd;
Objective: The main objective of this study is to know the quality of life perceived by menopausal women with pelvic floor dysfunctions (PFD) in the health region of Girona.&#xd;
Methodology and methods: the study will be carried out during 2023 with menopausal women with pelvic floor dysfunctions who attend the pelvic floor unit of the Josep Trueta Hospital. It is an observational and cross-sectional study that will collect information about their quality of life using the PFIQ-20 questionnaire (Pelvic Floor Impact Questionnaire-20)</subfield>
   </datafield>
   <datafield ind2=" " ind1=" " tag="520">
      <subfield code="a">Las disfunciones de suelo pélvico son un problema de salud común que afecta a muchas mujeres, llegando a afectar hasta al 25% de ellas en EEUU (1). Aunque la relación entre la menopausia y estas disfunciones ha sido objeto de debate en la literatura científica, numerosos estudios han evidenciado su asociación. Lo que resulta innegable es su impacto negativo en la calidad de vida de las mujeres afectadas. Por lo tanto, las mujeres menopaúsicas con disfunciones de suelo pélvico se encuentran especialmente vulnerables a experimentar una percepción inferior de su calidad de vida en comparación con la población general. Este hecho resalta la importancia de investigar y comprender a fondo este fenómeno para poder ofrecer mejores estrategias de prevención y tratamiento, así como mejorar la calidad de vida de las mujeres afectadas.&#xd;
Objetivo: El objetivo principal de este estudio es conocer la calidad de vida percibida por las mujeres menopáusicas con disfunciones de suelo pélvico (DSP) en la región sanitaria de Girona.&#xd;
Metodología y métodos: el estudio se llevará a cabo durante el año 2023 con mujeres menopáusicas con disfunciones del suelo pélvico que acuden a la unidad de suelo pélvico del Hospital Josep Trueta. Es un estudio observacional y transversal que recogerá información sobre su calidad de vida mediante el cuestionario PFIQ-20 (Pelvic Floor Impact Questionnaire-20)</subfield>
   </datafield>
   <datafield ind2=" " ind1=" " tag="520">
      <subfield code="a">3</subfield>
   </datafield>
   <datafield ind1="8" ind2=" " tag="024">
      <subfield code="a">http://hdl.handle.net/10256/25159</subfield>
   </datafield>
   <datafield tag="653" ind2=" " ind1=" ">
      <subfield code="a">Sòl pelvià -- Malalties</subfield>
   </datafield>
   <datafield tag="653" ind2=" " ind1=" ">
      <subfield code="a">Pelvic floor -- Diseases</subfield>
   </datafield>
   <datafield tag="653" ind2=" " ind1=" ">
      <subfield code="a">Menopausa</subfield>
   </datafield>
   <datafield tag="653" ind2=" " ind1=" ">
      <subfield code="a">Menopause</subfield>
   </datafield>
   <datafield tag="653" ind2=" " ind1=" ">
      <subfield code="a">Qualitat de vida</subfield>
   </datafield>
   <datafield tag="653" ind2=" " ind1=" ">
      <subfield code="a">Quality of life</subfield>
   </datafield>
   <datafield tag="653" ind2=" " ind1=" ">
      <subfield code="a">Dones -- Salut i higiene</subfield>
   </datafield>
   <datafield tag="653" ind2=" " ind1=" ">
      <subfield code="a">Women -- Health and hygiene</subfield>
   </datafield>
   <datafield ind2="0" ind1="0" tag="245">
      <subfield code="a">Calidad de vida en mujeres menopáusicas con disfunciones del suelo pélvico: proyecto de investigación</subfield>
   </datafield>
</record></metadata></record></GetRecord></OAI-PMH>